Design of a combined solar thermal water and space heating system for a commercial building in climatic conditions of Islamabad, Pakistan / (Record no. 601745)
[ view plain ]
| 000 -LEADER | |
|---|---|
| fixed length control field | 00570nam a2200157Ia 4500 |
| 008 - FIXED-LENGTH DATA ELEMENTS--GENERAL INFORMATION | |
| fixed length control field | 230907s9999||||xx |||||||||||||| ||und|| |
| 082 ## - DEWEY DECIMAL CLASSIFICATION NUMBER | |
| Classification number | 697.9395491 |
| Author Mark | MAH |
| 100 ## - MAIN ENTRY--PERSONAL NAME | |
| Personal name | Hafiza Mahreen Fatima ((00000119895) |
| 9 (RLIN) | 116345 |
| 245 #0 - TITLE STATEMENT | |
| Title | Design of a combined solar thermal water and space heating system for a commercial building in climatic conditions of Islamabad, Pakistan / |
| 260 ## - PUBLICATION, DISTRIBUTION, ETC. | |
| Place of publication, distribution, etc. | USPCAS-E, NUST, |
| Name of publisher, distributor, etc. | Islamabad : |
| Date of publication, distribution, etc. | 2017 |
| 300 ## - PHYSICAL DESCRIPTION | |
| Extent | 65 p. : |
| 520 ## - SUMMARY, ETC. | |
| Summary, etc. | TH-66 |
| 650 ## - SUBJECT ADDED ENTRY--TOPICAL TERM | |
| Topical term or geographic name entry element | MS-TEE Thesis MS Thesis |
| 9 (RLIN) | 116346 |
| 700 ## - ADDED ENTRY--PERSONAL NAME | |
| Personal name | Dr Muhammad Bilal Sajid |
| 942 ## - ADDED ENTRY ELEMENTS (KOHA) | |
| Koha item type | Thesis |
| Source of classification or shelving scheme | |
| Withdrawn status | Lost status | Source of classification or shelving scheme | Damaged status | Not for loan | Permanent Location | Current Location | Date acquired | Full call number | Barcode | Date last seen | Price effective from | Koha item type |
|---|---|---|---|---|---|---|---|---|---|---|---|---|
| US-Pakistan Center for Advanced Studies in Energy (USPCAS-E) | US-Pakistan Center for Advanced Studies in Energy (USPCAS-E) | 07/26/2019 | 697.9395491 MAH | CAS-ETH0000066 | 09/12/2023 | 09/12/2023 | Thesis |
